La educación del médico militar (Record no. 89130)

MARC details
000 -LEADER
campo de control de longitud fija 00753nam a2200193 i 4500
001 - NÚMERO DE CONTROL
campo de control 89130
003 - IDENTIFICADOR DE NÚMERO DE CONTROL
campo de control ES-MaACL
005 - FECHA Y HORA DE LA ÚLTIMA TRANSACCIÓN
campo de control 20250907063053.0
007 - CAMPO FIJO DE DESCRIPCIÓN FÍSICA--INFORMACIÓN GENERAL
campo de control de longitud fija t|
008 - DATOS DE LONGITUD FIJA--INFORMACIÓN GENERAL
campo de control de longitud fija 050105s1907 sp ||||1| spa d
100 1# - ENTRADA PRINCIPAL--NOMBRE DE PERSONA
Nombre de persona Larra y Cerezo, Ángel de,
Fechas asociadas al nombre 1858-1910
9 (RLIN) 70288
245 13 - MENCIÓN DEL TÍTULO
Título La educación del médico militar
Resto del título : ponencia oficial al XV Congreso Internacional de Medicina (Lisboa, 1906) /
Mención de responsabilidad, etc. Ángel de Larra y Cerezo.
260 ## - PUBLICACIÓN, DISTRIBUCIÓN, ETC.
Lugar de publicación, distribución, etc. Madrid :
Nombre del editor, distribuidor, etc. [s.n.],
Fecha de publicación, distribución, etc. 1907 (
Fabricante Imp. del Patronato de Huérfanos de Administración Militar)
300 ## - DESCRIPCIÓN FÍSICA
Extensión 16 p. ;
Dimensiones 24 cm.
650 07 - PUNTO DE ACCESO ADICIONAL DE MATERIA--TÉRMINO DE MATERIA
Término de materia o nombre geográfico como elemento de entrada Medicina militar
Fuente del encabezamiento o término embne
9 (RLIN) 14930
711 2# - ENTRADA AGREGADA--NOMBRE DE REUNIÓN
Nombre de congreso/reunión o jurisdicción como elemento de entrada Congreso Internacional de Medicina (
Número del congreso/reunión o número de parte o sección 15º.
Fecha del congreso o de la firma del tratado 1906.
Sede del congreso/Lugar de la reunión Lisboa)
9 (RLIN) 447
852 ## - LOCALIZACIÓN
Ubicación ES-MaACL
Número de control de estantería 1628-F-1
Holdings
Estatus retirado Estado de pérdida Estado de daño No para préstamo Colección Biblioteca de origen Biblioteca actual Ubicación en estantería Fecha de adquisición Fuente de adquisición Total de préstamos Signatura topográfica completa Código de barras Visto por última vez Precio de reemplazo Tipo de ítem Koha
        Colección de folletos Biblioteca del Ateneo de Madrid Biblioteca del Ateneo de Madrid Depósito folletos 17/01/2008     1628-F-1 1093088 23/02/2023 23/02/2023 Folleto